Quizzes
Events
Quiz Creation
Community
Videos
Private Events
Remove Ads
Sign In
Join for FREE
Feedback
Dark Mode
Quiz Categories
Sports
Geography
Music
Movies
Television
Just For Fun
Miscellaneous
History
Literature
Language
Science
Gaming
Entertainment
Religion
Holiday
For Kids
Quiz Lab
Recent
Popular Today
Quiz Kudos Today
Editor Picks
Curator Picks
Quizzes by...
Day
Popularity
Type
Ratings
Length
Year
Community
Subscriptions
Recent Discussions
Orange Saloon
Badges
Playlists
Quests
Create
Leaderboards
Showdown
Live 5
Trivia Bingo
Activity
Puzzle Library
Sporcle Events
Private Events
Virtual Trivia
Globe League
Become a Host
Pub Owners
SporcleCon
Opinionation
Our Games
Videos
Blog
Mobile Apps
Partnerships
Remove Ads and Go Orange
Feedback
Television
TV Characters
TV Show
Sitcom
Network
Friends
Reality Shows
Cast
South Park
Star Trek
The Simpsons
Doctor Who
Television
TV Characters
TV Show
Sitcom
Network
Friends
Reality Shows
Cast
South Park
Star Trek
The Simpsons
Doctor Who
Random Quiz
Search Sporcle
×
Quiz Lab
Quiz Lab
Television
Quote
Type in answers that appear in a list
Type in answers that appear in a list
Classic
Best Score? Go Orange.
Finish Sheldon Cooper Quotes! Stats
Can you name the Finish Sheldon Cooper Quotes!?
By
cloudycookie
10m
20 Questions
123 Plays
123 Plays
123 Plays
Comments
Comments
Give Quiz Kudos
Give Quiz Kudos
-
- Ratings
hide this ad
More Info
Forced Order
Answers have to be entered in order
Answers have to be entered in order
Replay
Link that replays current quiz
Next Quiz
Link to next quiz in quiz playlist
You Got
0%
They Got
Avg Score
43%
Avg Friend Score
Upgrade to see
Score Distribution
Jump to the score distribution portion of the page
Score
0/20
Timer
10:00
0
Plays Today
Quotes
Answers
% Correct
_
_
_
_
is out of the question. When I moved to California, I promised my mother I wouldn't start doing drugs.
Coffee
83.7%
Rock, Paper, Scizzor, _
_
_
_
, Spock.
Lizard
81.3%
I don't care if anyone gets it. I'm going as the _
_
_
effect.
Doppler
80.5%
Interesting. You're afraid of insects and women. _
_
_
must render you catatonic.
Ladybugs
79.7%
What type of _
_
_
_
do you have? And please don't say a white one.
Computer
73.2%
What exactly does that expression mean, 'friends with benefits'. Does he provide her with _
_
_
_
_
_
_
_
_
?
Health insurance
62.6%
Apparently, you can't hack into a government supercomputer and then try to buy _
_
_
_
without the Department of Homeland Security tattling to your mother.
Uranium
61%
Come back here, you stupid bird, so I can _
_
_
you.
Love
55.3%
I am the master of my own _
_
_
_
.
Bladder
55.3%
So, just to clarify, when you say 3, do we stand up or do we _
_
_
_
_
.
Pee
52%
Quotes
Answers
% Correct
Why did the chicken cross the _
_
_
_
_
_
_
_
_
_
? To get to the same side!
Mobius Strip
35.8%
I have a very wide circle. I have _
_
_
_
friends on MySpace.
212
30.1%
The mean Indian lady tried to make me eat _
_
_
_
.
Lamb
28.5%
Oh, goody. We're getting a _
_
_
_
.
Cat
26%
She's _
_
_
_
, she won't be disappointed for very long.
93
20.3%
Who's _
_
_
_
_
_
_
!? Leonard, what do the two of you talk about after the
Adam West
17.1%
What an _
_
_
_
I would've made.
Elf
11.4%
Level _
_
_
_
_
and she thinks she's rich. What a noob.
3
8.1%
Oh, what do you know? You're half _
_
_
_
.
Swan
6.5%
There's a lot more rich ladies out there and Daddy needs a new _
_
_
_
_
.
Linear acccelerator
0%
Quiz Playlist
Details
Report
Send in Message
Add To Playlist
More Info:
These range from easy to hard. Please comment if you notice a mistake. ^^ If this grows popular, I'll do other characters too. =D
Classic:
Type in answers that appear in a list
Forced Order:
Answers have to be entered in order
Quiz Source
Last Updated: Feb 16, 2017
Quiz Scoreboard
CHALLENGE
Sign Up to Join the Scoreboard
Show All
Scores
Hide
Comments
May contain spoilers
Recently Published
Pick 6: Fruits
by JohnFran
Miscellaneous
15s
Click the 1999 NBA Draft
by nibperrychub
Sports
2m
Alphabetical 'K' Countries by Flag Minefield
by ylime102
Geography
3m
More to Explore
Quiz From the Vault
Featured Blog Post
15 Basketball Trivia Facts You Can Be March Mad About
hide this ad
You Might Also Like...
Tags
Quote Quiz
Cooper
finish
Today's Top Quizzes in Television
Browse Television
hide this ad
Today's Top Quizzes in Quote
Browse Quote
Top Contributed Quizzes in Television
1
Hidden Simpsons Character
2
First Name TV: Leading Men
3
Hidden Simpsons Character II
4
Hidden Simpsons Character III
5
First Name TV: Leading Women Drama
6
Hidden Simpsons Character IV
7
Hidden Simpsons Character V
8
Hidden Simpsons Character VI
9
Hidden Simpsons Character VII
10
Pick A Pair: Religious TV
Explore More
Trending Topics
Anime
NBA
Marvel
Crossword
Harry Potter
Kpop
Disney
Country
Pokémon
The Office
WWE
NFL
Puzzle
Soccer
Song
hide this ad
More By:
cloudycookie
Quiz
Plays
Rating
Category
Featured
Created
Generation 1 Movesets
250
4.00
Gaming
Nov 12, 2012
Finish Sheldon Cooper Quotes!
123
5.00
Television
Nov 7, 2012
Generation 1: HM Pokémon
102
4.00
Gaming
Nov 12, 2012
Go to Creator's Profile
Score Distribution
Quiz Creator Spotlight
cloudycookie
Follow
Send a Message
Quizzes Created
-
Created Quiz Play Count
-
More By This Creator
Popular Quizzes Today
1
Find the US States - No Outlines Minefield
2
Countries of Asia Without Outlines Minefield
3
Pick 6: Fruits
4
Alphabetical 'K' Countries by Flag Minefield
5
The Countries of the World
6
Click the 1999 NBA Draft
7
Match the Book to the Film X
8
Find the US States
More Television Quizzes
Who Said It: SpongeBob or Nietzsche?
Published
Trending Quizzes
Pick 6: Harry Potter
Pick 6: Golfers
Donkey Kong Minefield
DC Extended Universe: Oldest to Newest
Multiplication Danger Zone
Recently Updated
Women's Final Four Teams by Year
bhenderson79
Presidents Quartet II
eogle
Anything But Clue(do)
eogle
Anything But Oceanian Capitals
eogle
Anything But 7
eogle
Anything But Thing
eogle
Word Ladder: February 29
pecheneg
Song Title Questions
pecheneg
Women's NCAA Tournament #1 Seeds
pecheneg
Celebrity Mug Shots
pecheneg
Trending Topics
Anime
Marvel
Crossword
Harry Potter
Kpop
NBA
Disney
The Office
NFL
Song
Country
Soccer
Pokémon
Puzzle
WWE
Your Account Isn't Verified!
In order to create a playlist on Sporcle, you need to verify the email address you used during registration. Go to your
Sporcle Settings
to finish the process.
Report this User
Report this user for behavior that violates our
Community Guidelines
.
Details:
Send Report
Go to the Sporcle.com Mobile Site →
Comments